Statistics for All the Countries of South America in 15 seconds!!!

Click here to take the quiz!

General Stats

  • This quiz has been taken 391 times
  • The average score is 5 of 13

Answer Stats

HintAnswer% Correct
CountryBrazil
84%
CountryArgentina
57%
CountryPeru
47%
CountryChile
44%
Landlocked CountryParaguay
43%
Landlocked CountryBolivia
41%
CountryGuyana
37%
CountryUruguay
36%
CountryColombia
32%
CountryVenezuela
27%
CountryEcuador
26%
CountrySuriname
26%
Overseas TerritoryFrench Guiana
20%

Score Distribution

Percentile by Number Answered

Percent of People with Each Score

Your Score History

You have not taken this quiz